Rivers of silence : (Record no. 124269)

MARC details
000 -LEADER
fixed length control field 00801nam a22002297a 4500
005 - DATE AND TIME OF LATEST TRANSACTION
control field 20170124105937.0
010 ## - LIBRARY OF CONGRESS CONTROL NUMBER
LC control number A-940581
020 ## - INTERNATIONAL STANDARD BOOK NUMBER
Terms of availability 00.00
International Standard Book Number 1897829345
035 ## - SYSTEM CONTROL NUMBER
System control number A-940581
037 ## - SOURCE OF ACQUISITION
Source of stock number/acquisition Cen Lib/Ret
040 ## - CATALOGING SOURCE
Original cataloging agency DPL
Language of cataloging EN
082 ## - DEWEY DECIMAL CLASSIFICATION NUMBER
Classification number 355.02
Item number VER
100 ## - MAIN ENTRY--PERSONAL NAME
Personal name Verma, Ashok Kalyan
9 (RLIN) 10092
245 ## - TITLE STATEMENT
Title Rivers of silence :
Statement of responsibility, etc by Ashok Kalyan Verma
Remainder of title disaster on River Nam Ka Chu, 1962 and the dash to Dhaka across River Meghna during 1971 /
260 ## - PUBLICATION, DISTRIBUTION, ETC. (IMPRINT)
Place of publication, distribution, etc New Delhi
Name of publisher, distributor, etc Lancer Publishers
Date of publication, distribution, etc 1998
270 ## - ADDRESS
Address 56 Gautam Nagar
City New Delhi
Postal code 110049
300 ## - PHYSICAL DESCRIPTION
Extent x, 221p.
Dimensions 24cm(Hb)
500 ## - GENERAL NOTE
General note Includes bibliographic references and index
650 ## - SUBJECT ADDED ENTRY--TOPICAL TERM
Topical term or geographic name as entry element Sino-Indian Border Dispute--(1957- )
9 (RLIN) 10093
650 ## - SUBJECT ADDED ENTRY--TOPICAL TERM
Topical term or geographic name as entry element Military campaigns
9 (RLIN) 10094
942 ## - ADDED ENTRY ELEMENTS (KOHA)
Source of classification or shelving scheme Dewey Decimal Classification
Koha item type English Books
Classification part 355.02
Call number suffix VER
Holdings
Withdrawn status Lost status Damaged status Not for loan Home library Current library Date acquired Source of acquisition Cost, normal purchase price Total Checkouts Full call number Barcode Date last seen Copy number Cost, replacement price Price effective from Koha item type Public note
Written off       Central Library Central Library 15/06/2015 Cen Lib/Ret 0.00   355.02 VER A-940581 15/06/2015 1 0.00 15/06/2015 English Books Written off on approval by DLB (By Circulation); dtd 15-06-2023

© Delhi Public Library
Hit Counter
free hit counter